Lyrics raten #7 - Statistiken

Allgemein
  • Dieses Quiz wurde 307 mal gespielt
  • Das Durchschnittsergebnis liegt bei 163 aus 494
Antwortstatistiken
Antwort % Korrekt
ich
98%
Ich
98%
du
95%
Du
95%
sie
90%
er
86%
es
86%
wir
85%
das
80%
die
76%
ihr
75%
der
74%
Der
74%
Und
70%
und
70%
den
68%
bin
66%
wie
63%
In
62%
in
62%
ist
59%
an
58%
für
57%
dein
55%
ein
55%
was
52%
dich
51%
im
51%
kann
51%
Wer
51%
will
51%
mein
50%
dass
49%
sein
48%
dir
47%
hab
47%
zu
47%
Zu
47%
deine
45%
Deine
45%
Auf
44%
auf
44%
Denn
44%
Mic
44%
dann
41%
dem
40%
meine
40%
mich
40%
geh
39%
mit
37%
uns
36%
man
35%
nie
35%
Sag
34%
nach
33%
von
33%
willst
33%
alle
31%
fick
30%
Fick
30%
mach
30%
weil
30%
Weil
30%
Doch
28%
doch
28%
hat
27%
nur
27%
Mutter
26%
Tür
26%
deinen
25%
komm
25%
Komm
25%
Mann
25%
meinen
25%
Oder
25%
Zur
25%
vor
24%
bei
23%
Nacht
23%
nichts
23%
euch
22%
seine
22%
aus
21%
Aus
21%
Arsch
20%
des
20%
sagen
19%
Schon
19%
über
19%
wieder
19%
Ey
18%
ficke
18%
Freund
18%
Heute
17%
werd
17%
Bitch
16%
ihren
16%
keiner
16%
rein
16%
werde
16%
ficken
14%
lauf
14%
nen
14%
sagt
14%
sich
14%
siehst
13%
wird
13%
Zwei
13%
zwei
13%
Club
12%
Dick
12%
Fotze
12%
mag
12%
also
11%
dieses
11%
dort
11%
machst
11%
niemals
11%
paar
10%
konnte
9%
bitte
8%
kennen
8%
Scheisse
8%
scheisse
8%
stehen
8%
zieh
8%
Anna
7%
bester
7%
blasen
7%
damit
7%
Danach
7%
fickst
7%
Hood
7%
ihnen
7%
jemand
7%
raus
7%
sah
7%
Weisst
7%
ach
6%
Bleibe
6%
bring
6%
Bullen
6%
dabei
6%
Hund
6%
Jahre
6%
Leute
6%
trinke
6%
yo
6%
Bang
5%
Benz
5%
damals
5%
denkt
5%
Eier
5%
Feier
5%
fing
5%
Kokain
5%
Money
5%
zurück
5%
Abend
4%
erste
4%
Farid
4%
findet
4%
gefickt
4%
G's
4%
Gummi
4%
Hotel
4%
Jahren
4%
leckt
4%
musste
4%
Nicole
4%
Schuhe
4%
Während
4%
zahlen
4%
zeige
4%
Ast
3%
astrein
3%
Banger
3%
Boss
3%
Champ
3%
fingern
3%
irgendwas
3%
Leichenschänder
3%
Nikolaus
3%
nochmal
3%
normal
3%
Richter
3%
Rum
3%
rum
3%
Sekt
3%
spitte
3%
Stock
3%
Street
3%
Tages
3%
ticke
3%
treff
3%
Türken
3%
übers
3%
vergessen
3%
Wurde
3%
zieht
3%
20
2%
Abenteuer
2%
achten
2%
Anis
2%
ballerst
2%
besorgen
2%
bevor
2%
Biz
2%
Bosniern
2%
Business
2%
Cameron
2%
Carsten
2%
casten
2%
Colts
2%
Diaz
2%
Ding
2%
dissen
2%
Frauenarzt
2%
Gabriela
2%
Geldwäscher
2%
Geldwäscherein
2%
geschlossen
2%
Gläser
2%
haust
2%
hiess
2%
holte
2%
jungen
2%
Kneipen
2%
Manny
2%
Marc
2%
Pakt
2%
Prag
2%
prahl
2%
Praktiken
2%
Pralinen
2%
Queensberry
2%
Rappern
2%
schiebt
2%
Schwarze
2%
selbst
2%
Serben
2%
sexuelle
2%
Smith
2%
spitten
2%
teuer
2%
ticken
2%
Video
2%
wiederstehen
2%
wievielen
2%
Witz
2%
Ballaststoff
1%
beschnitten
1%
Cam'ron
1%
Circa
1%
Dinger
1%
Drähten
1%
drehten
1%
einpackt
1%
Eiweiss
1%
frisst
1%
Frist
1%
fünfzehn
1%
Gina
1%
hälst
1%
Hrvatskis
1%
Jeans
1%
Kids
1%
LaFee
1%
Lover
1%
Palaver
1%
rappst
1%
Sabbat
1%
sabbert
1%
schliesst
1%
Schweiss
1%
schwuler
1%
Stoff
1%
triffst
1%
Verbrecher
1%
Währenddessen
1%
bemerk
0%
besuch
0%
Chile
0%
Godsilla
0%
lande
0%
Monaco
0%
Rockern
0%
Rockerschuppen
0%
schiele
0%
Schuppen
0%
stinkenden
0%
Vato
0%
Keine übereinstimmenden Quizze gefunden
Verteilung der Resultate
Anzahl Personen mit jedem Resultat
Perzentil nach korrekt beantworteten Fragen
Ihre Resultats-Entwicklung
Sie haben dieses Quiz noch nicht gespielt